Countries closest to Lebanon - Statistics

General Stats
  • This quiz has been taken 22 times
  • The average score is 18 of 20
Answer Stats
Hint Answer % Correct
Asia Cyprus
100%
Asia Iran
100%
Asia Iraq
100%
Asia Israel
100%
Asia Jordan
100%
Asia Saudi Arabia
100%
Asia Syria
100%
Asia/Europe Turkey
100%
Africa Egypt
95%
Asia Armenia
91%
Asia Azerbaijan
91%
Asia Georgia
91%
Europe Greece
91%
Asia/Europe Russia
91%
Asia Kuwait
86%
Africa Libya
86%
Asia Palestine
86%
Africa Sudan
86%
Europe Bulgaria
73%
Europe Ukraine
59%
No matching quizzes found
Score Distribution
Percent of People with Each Score
Percentile by Number Answered
Your Score History
You have not taken this quiz